000 00410nam a2200157Ia 4500
008 230718s9999 xx 000 0 und d
041 _aeng
082 _a005.2'762
_bKUR
100 _aKurniawan B.
_9145852
245 _aStruts Design And Programming
_bA Tutorial
260 _c2006
_bSpd
300 _a433
365 _cRs.
_b350.00
700 _aKurniawan B.
_9145852
906 _dB:219112-Dec-2006
_cIT
_b70
999 _c315658
_d315658